000 00577nam a2200205Ia 4500
003 IIN
005 20260105110234.0
008 250428s9999 xx 000 0 und d
020 _cRs.350.00
_a9789394525030
040 _aIIN
_bEnglish
082 _a610.73
_bSOO
100 1 _aSood, Babita
245 1 _aCBS Handbook
_bon Clinical Examination & History Taking a Nursing Approach
_cBabita Sood
250 _a2nd ed
260 _bCBS
_aNew Delhi
_c2023
300 _alv, 504 p.
650 _aMedical Surgical
_vNursing
650 _aNursing
_vStudy and Teaching
942 _cBOOK
999 _c1752
_d1752